|
|
|
|
| LEADER |
00844cam a2200229 7i4500 |
| 001 |
0000011989 |
| 005 |
20140326090000.0 |
| 020 |
|
|
|a 1841386006 (hbk.)
|
| 020 |
|
|
|a 1841384992 (hbk.)
|
| 020 |
|
|
|a 1841384984 (hbk.)
|
| 020 |
|
|
|a 1841384976 (hbk.)
|
| 090 |
0 |
0 |
|a J500
|b SCI
|
| 100 |
1 |
|
|a Snedden, Robert
|
| 245 |
1 |
0 |
|a Science quest
|c Robert Snedden.
|
| 260 |
|
|
|a London:
|b Belitha Press,
|c 2003.
|
| 300 |
|
|
|a 4 v.:
|b col. ill.;
|c 29 cm.
|
| 505 |
0 |
0 |
|a 1. Life. -- 2. Energy. -- 3. Space. -- 4. Time
|
| 650 |
0 |
0 |
|a Science
|
| 999 |
|
|
|a 0000015129
|b BOK
|c OPEN SHELF - CHILDREN
|e Ground Floor, Bestari Jaya
|
| 999 |
|
|
|a 0000015130
|b BOK
|c OPEN SHELF - CHILDREN
|e Ground Floor, Bestari Jaya
|
| 999 |
|
|
|a 0000015131
|b BOK
|c OPEN SHELF - CHILDREN
|e Ground Floor, Bestari Jaya
|
| 999 |
|
|
|a 0000015132
|b BOK
|c OPEN SHELF - CHILDREN
|e Ground Floor, Bestari Jaya
|